| 000 | 01209naa a22003017a 4500 | ||
|---|---|---|---|
| 001 | BR8803450 | ||
| 003 | BR-BrBNA | ||
| 005 | 20240918180150.0 | ||
| 007 | ta | ||
| 008 | 230509b bl.||||| |||| 00| 0 por d | ||
| 040 |
_aBR-BrBNA _bpor _cBiblioteca Nacional de Agricultura |
||
| 041 | _a(Pt) | ||
| 072 | _aP06; K50 | ||
| 090 | _aP06 BR8803450 | ||
| 100 | 1 | _aGriffiths, M.H. | |
| 100 | 1 | _aMaues, J.A. | |
| 111 | 1 |
_aSimposio Florestas Plantadas nos Neotropicos como Fonte de Energia _cVicosa, MG (Brazil) _d6-13 Feb 1983 |
|
| 245 | 1 | _aPellets - producao e uso | |
| 246 | 1 | _a[Pellets: production and use] | |
| 246 | 1 | _a[Tropical forests as energy sources] | |
| 260 | 3 |
_aVicosa, MG (Brasil): _c1983. |
|
| 500 | _aBarros, N.F. de (ed.) Florestas plantadas nos neotropicos como fonte de energia. Anais do simposio Vicosa, MG (Brasil): 1983. p. 425-437 (BR8803450-AM)P06 | ||
| 650 | _aPELLET | ||
| 650 | _aCOMBUSTIVEL | ||
| 773 | 0 |
_tFlorestas plantadas nos neotropicos como fonte de energia. Anais do simposio _aBarros, N.F. de (ed.). Universidade Federal de Vicosa, MG (Brasil) _wP06 BR8803450 _gVicosa, MG (Brasil), 1983. p. 425-437 |
|
| 909 |
_a202404 _bLucia _c55 _dLucia Elande |
||
| 942 |
_cAM _2AGRIS |
||
| 999 |
_c319343 _d319343 |
||